000 00608nam a22002295i 4500
001 68690
003 ES-MaACL
005 20230906170334.0
007 t|
008 960814s1895 it ||||1| ita d
040 _aCAM
_bspa
_cCAM
100 1 _aGelcich, Eugenio.
_956245
245 1 0 _aOttica /
_cEugenio Gelcich.
260 _aMilano :
_bEditore-Libraio della Real Casa,
_c1895.
300 _aXV, 576 p. ;
_c15 cm.
490 1 _aManuali Hoepli
650 1 4 _aOptica.
_915726
830 0 _aManuali Hoepli
_9180782
852 _aES-MaACL
_jD-4268
852 _aES-MaACL
_jG-13756
999 _c68690
_d68690